[Event "Joao Pessoa Fischer Memorial 8th"]
[Site "Joao Pessoa"]
[Date "2017.03.19"]
[Round "6"]
[White "Franca, Jairo Jr"]
[Black "Cardoso, Almir Correia"]
[Result "1/2-1/2"]
[WhiteElo "1943"]
[BlackElo "2005"]
[PlyCount "112"]
[EventDate "2017.03.17"]
[EventType "swiss"]
[EventRounds "6"]
[EventCountry "BRA"]
[SourceTitle "EXT 2018"]
[Source "ChessBase"]
[SourceDate "2017.10.13"]
[SourceVersion "1"]
[SourceVersionDate "2017.10.13"]
[SourceQuality "1"]

1. e4 e5 2. Nf3 Nc6 3. Bb5 a6 4. Ba4 Nf6 5. 0-0 b5 6. Bb3 Be7 7. Re1 0-0 8. d3 d6 9. c3 Na5 10. Bc2 c5 11. Nbd2 Bg4 12. Nf1 Qc7 13. h3 Bh5 14. Ng3 Bg6 15. h4 Nh5 16. Nf5 Bxf5 17. exf5 g6 18. Ng5 Ng7 19. fxg6 fxg6 20. Qe2 Rac8 21. Bd2 Rf6 22. Rac1 Kh8 23. d4 Nc4 24. Ne4 Rff8 25. Bg5 Nf5 26. h5 cxd4 27. hxg6 d5 28. Qh5 Bxg5 29. Nxg5 e4 30. Nf7+ Rxf7 31. gxf7 Ng7 32. Qxd5 d3 33. Rxe4 dxc2 34. Rce1 Nd6 35. Rf4 Rf8 36. Qd3 Nxf7 37. Rd4 Ng5 38. Qxc2 Qf7 39. Qd2 N7e6 40. Rd6 Rg8 41. Kf1 Qf5 42. Qe3 Qg4 43. Qe5+ Ng7 44. Rxa6 Qh4 45. Re3 b4 46. Ra7 bxc3 47. Qxc3 Qh1+ 48. Ke2 Qh5+ 49. Kd2 Rd8+ 50. Rd3 Ne4+ 51. Kc2 Qe2+ 52. Kb3 Nxc3 53. Rxd8+ Ne8 54. bxc3 Qe6+ 55. Kc2 Qe2+ 56. Kb3 Qe6+ 1/2-1/2

[Event "Recife Arraes Memorial 8th"]
[Site "Recife"]
[Date "2015.05.02"]
[Round "4"]
[White "Araujo, Carlos Araripan Gom"]
[Black "Cardoso, Almir Correia"]
[Result "0-1"]
[WhiteElo "1860"]
[BlackElo "2030"]
[PlyCount "74"]
[EventDate "2015.05.01"]
[EventType "swiss"]
[EventRounds "6"]
[EventCountry "BRA"]
[SourceTitle "EXT 2018"]
[Source "ChessBase"]
[SourceDate "2017.10.13"]
[SourceVersion "1"]
[SourceVersionDate "2017.10.13"]
[SourceQuality "1"]

1. e4 e5 2. Nf3 Nc6 3. Bb5 Nf6 4. 0-0 Nxe4 5. Re1 Nd6 6. Ba4 Be7 7. Nc3 0-0 8. Nd5 f6 9. c3 Nf7 10. a3 d6 11. Bc2 Bg4 12. d4 f5 13. Qd2 e4 14. h3 Bxf3 15. gxf3 Bh4 16. Kh2 Ng5 17. Bd1 f4 18. Rg1 Nxf3+ 19. Bxf3 exf3 20. Qd3 Bxf2 21. Rg4 Bg3+ 22. Kh1 Qe8 23. Bxf4 Bxf4 24. Nxf4 f2 25. Rf1 Qe1 26. Qc4+ Rf7 27. Ng2 d5 28. Qd3 Qe6 29. Nf4 Qe4+ 30. Qxe4 dxe4 31. Rxf2 Raf8 32. Kg2 e3 33. Rf3 h5 34. Nxh5 Rxf3 35. Nxg7 Rf2+ 36. Kg1 Rf1+ 37. Kg2 R8f2+ 0-1

[Event "Recife Arraes Memorial 8th"]
[Site "Recife"]
[Date "2015.05.02"]
[Round "3"]
[White "Cardoso, Almir Correia"]
[Black "Brito, Luismar Jorge"]
[Result "0-1"]
[WhiteElo "2030"]
[BlackElo "2224"]
[PlyCount "86"]
[EventDate "2015.05.01"]
[EventType "swiss"]
[EventRounds "6"]
[EventCountry "BRA"]
[SourceTitle "EXT 2018"]
[Source "ChessBase"]
[SourceDate "2017.10.13"]
[SourceVersion "1"]
[SourceVersionDate "2017.10.13"]
[SourceQuality "1"]

1. e4 c5 2. Nf3 d6 3. d4 cxd4 4. Nxd4 Nf6 5. Nc3 a6 6. Bg5 e6 7. f4 h6 8. Bh4 Qb6 9. Qd2 Qxb2 10. Rb1 Qa3 11. Bxf6 gxf6 12. Be2 Nc6 13. Nxc6 bxc6 14. 0-0 d5 15. exd5 cxd5 16. Kh1 Qd6 17. f5 Be7 18. Bf3 Ra7 19. fxe6 fxe6 20. Bh5+ Kd8 21. Qd4 Rc7 22. Rb3 Qe5 23. Qxe5 fxe5 24. Bd1 Rf8 25. Rxf8+ Bxf8 26. Na4 Rf7 27. Rf3 Rxf3 28. Bxf3 Bd7 29. Nc3 e4 30. Be2 Bg7 31. Nd1 a5 32. c4 Kc7 33. Kg1 Kb6 34. Kf2 Kc5 35. cxd5 exd5 36. Ke3 Be5 37. g3 Bc6 38. Kd2 d4 39. Ba6 Bd5 40. a3 Bc4 41. Bc8 e3+ 42. Ke1 h5 43. Bf5 h4 0-1

[Event "Joao Pessoa op 6th"]
[Site "Joao Pessoa"]
[Date "2015.03.13"]
[Round "1"]
[White "De Lima, Ednaldo Mariano Vas"]
[Black "Cardoso, Almir Correia"]
[Result "0-1"]
[WhiteElo "1649"]
[BlackElo "2027"]
[PlyCount "68"]
[EventDate "2015.03.13"]
[EventType "swiss"]
[EventRounds "6"]
[EventCountry "BRA"]
[SourceTitle "CBM 165 Extra"]
[Source "ChessBase"]
[SourceDate "2015.04.21"]
[SourceVersion "1"]
[SourceVersionDate "2015.04.21"]
[SourceQuality "1"]

1. Nf3 Nf6 2. g3 g6 3. Bg2 Bg7 4. c4 0-0 5. Nc3 d5 6. cxd5 Nxd5 7. 0-0 Nb6 8. d3 Nc6 9. Bd2 Bg4 10. Re1 Qd7 11. Qc1 Rfe8 12. Rb1 Rad8 13. Ne4 Nd5 14. Nc5 Qc8 15. a3 Ne5 16. Nxe5 Bxe5 17. Qc4 Be6 18. Nxe6 Qxe6 19. d4 Nf4 20. Qxe6 Nxe6 21. dxe5 Rxd2 22. Bxb7 Rb8 23. Bf3 Rbxb2 24. e3 Rxf2 25. Rxb2 Rxb2 26. Re2 Rb1+ 27. Kf2 Ra1 28. Rc2 Rxa3 29. Bd5 a5 30. Bxe6 fxe6 31. Rxc7 Kf7 32. h4 Ra1 33. Rc4 a4 34. Kf3 a3 0-1

[Event "American Continental 10th"]
[Site "Praia da Pipa"]
[Date "2014.10.20"]
[Round "4"]
[White "Cardoso, Almir Correia"]
[Black "Prado Filho, Ricardo de Almeida"]
[Result "0-1"]
[WhiteElo "2066"]
[BlackElo "1893"]
[PlyCount "70"]
[EventDate "2014.10.18"]
[EventType "swiss"]
[EventRounds "11"]
[EventCountry "BRA"]
[SourceTitle "EXT 2015"]
[Source "ChessBase"]
[SourceDate "2014.11.20"]
[SourceVersion "1"]
[SourceVersionDate "2014.11.20"]
[SourceQuality "1"]

1. e4 c5 2. Nf3 Nc6 3. d4 cxd4 4. Nxd4 e5 5. Nb5 a6 6. Nd6+ Bxd6 7. Qxd6 Qe7 8. Qd1 Nf6 9. Nc3 h6 10. Be2 b5 11. Be3 Qb4 12. 0-0 Nxe4 13. Nxe4 Qxe4 14. Bd3 Qh4 15. Bc5 Bb7 16. Re1 d5 17. g3 Qf6 18. Bf1 d4 19. Bg2 0-0-0 20. b4 h5 21. a4 bxa4 22. Rxa4 h4 23. Qe2 hxg3 24. fxg3 Qh6 25. h3 Qg6 26. Ra3 f5 27. b5 axb5 28. Qxb5 e4 29. Rb1 Rd7 30. Rba1 Nb8 31. Qb2 e3 32. Bxd4 Qxg3 33. c3 Rxh3 34. Kf1 Bxg2+ 35. Qxg2 Rh1+ 0-1

[Event "Joao Pessoa op 4th"]
[Site "Joao Pessoa"]
[Date "2013.03.15"]
[Round "2"]
[White "Cardoso, Almir Correia"]
[Black "Born, Ary"]
[Result "1-0"]
[WhiteElo "2083"]
[BlackElo "1463"]
[PlyCount "86"]
[EventDate "2013.03.15"]
[EventType "swiss"]
[EventRounds "6"]
[EventCountry "BRA"]
[SourceTitle "CBM 153 Extra"]
[Source "ChessBase"]
[SourceDate "2013.04.22"]
[SourceVersion "1"]
[SourceVersionDate "2013.04.22"]
[SourceQuality "1"]

1. e4 e6 2. d4 d5 3. Nc3 Bb4 4. e5 c5 5. a3 Bxc3+ 6. bxc3 Nc6 7. Nf3 Qa5 8. Bd2 Qc7 9. Bd3 c4 10. Be2 Bd7 11. 0-0 f6 12. Bf4 0-0-0 13. exf6 Qxf4 14. fxg7 Nf6 15. gxh8Q Rxh8 16. Qd2 Qxd2 17. Nxd2 h5 18. a4 Ne7 19. Nf3 Ne4 20. Ra3 a5 21. Ne5 Be8 22. Re1 Ng6 23. Bxc4 Nxe5 24. dxe5 Nd2 25. Bd3 Kc7 26. Re2 Nc4 27. Bxc4 dxc4 28. Re4 Bc6 29. Rxc4 Rg8 30. g3 Rg5 31. f4 Rg4 32. Ra1 h4 33. Kf2 b6 34. Rd1 Rg7 35. Rd6 Kb7 36. Rcxc6 hxg3+ 37. hxg3 Rd7 38. Rxb6+ Ka7 39. Ra6+ Kb7 40. Rxd7+ Kxa6 41. Rd6+ Kb7 42. Rxe6 Ka7 43. Rd6 Kb7 1-0

[Event "Joao Pessoa op 4th"]
[Site "Joao Pessoa"]
[Date "2013.03.15"]
[Round "1"]
[White "Cunha, Jose Manoel Vercosa"]
[Black "Cardoso, Almir Correia"]
[Result "0-1"]
[WhiteElo "1689"]
[BlackElo "2083"]
[PlyCount "70"]
[EventDate "2013.03.15"]
[EventType "swiss"]
[EventRounds "6"]
[EventCountry "BRA"]
[SourceTitle "CBM 153 Extra"]
[Source "ChessBase"]
[SourceDate "2013.04.22"]
[SourceVersion "1"]
[SourceVersionDate "2013.04.22"]
[SourceQuality "1"]

1. d4 Nf6 2. c4 g6 3. Nc3 d5 4. Nf3 Bg7 5. Bf4 0-0 6. e3 c5 7. Be2 Nh5 8. 0-0 Nxf4 9. exf4 dxc4 10. dxc5 Qc7 11. Bxc4 Qxc5 12. Qb3 e6 13. Rac1 Nc6 14. Na4 Qf5 15. Bd3 Qxf4 16. Rc4 Qf6 17. Rc2 e5 18. Nc5 Bg4 19. Be4 Bxf3 20. Qxf3 Qxf3 21. Bxf3 Nd4 22. Rd2 Nxf3+ 23. gxf3 b6 24. Ne4 Rfd8 25. Rfd1 Rxd2 26. Rxd2 Rc8 27. b3 f5 28. Ng5 Bf6 29. h4 Bxg5 30. hxg5 Rc7 31. Kf1 Kf7 32. Ke2 Ke6 33. Ke3 f4+ 34. Ke4 Rc1 35. Rd8 Re1+ 0-1

[Event "Natal Potiguar op"]
[Site "Natal"]
[Date "2012.06.09"]
[Round "6"]
[White "Cardoso, Almir Correia"]
[Black "Froes, Leonardo Sanches"]
[Result "1/2-1/2"]
[WhiteElo "2108"]
[BlackElo "1936"]
[PlyCount "99"]
[EventDate "2012.06.07"]
[EventType "swiss"]
[EventRounds "7"]
[EventCountry "BRA"]
[SourceTitle "CBM 148 Extra"]
[Source "ChessBase"]
[SourceDate "2012.06.22"]
[SourceVersion "1"]
[SourceVersionDate "2012.06.22"]
[SourceQuality "1"]

1. e4 e5 2. Nf3 Nc6 3. Bb5 a6 4. Ba4 Nf6 5. 0-0 Be7 6. Re1 b5 7. Bb3 0-0 8. d4 d6 9. Be3 Bg4 10. c3 Na5 11. Bc2 Nc4 12. Bc1 c5 13. d5 Ne8 14. b3 Nb6 15. h3 Bc8 16. g4 g6 17. Bh6 Ng7 18. Nbd2 f5 19. exf5 gxf5 20. gxf5 Bxf5 21. Bxf5 Rxf5 22. Bxg7 Kxg7 23. Nf1 Qf8 24. Kg2 Kh8 25. Ng3 Rf4 26. Qe2 Qg7 27. Nxe5 Qxe5 28. Qxe5+ dxe5 29. Rxe5 Bh4 30. Rae1 Raf8 31. R1e2 Bxg3 32. Kxg3 Rf3+ 33. Kg2 Rd3 34. R2e3 Nxd5 35. Rxd3 Nf4+ 36. Kg3 Nxd3 37. Re6 Nxf2 38. c4 bxc4 39. bxc4 a5 40. Ra6 Ne4+ 41. Kg4 Nd2 42. Rxa5 Nxc4 43. Rxc5 Ne3+ 44. Kg5 Ra8 45. Kf6 Kg8 46. a4 Ra6+ 47. Kg5 Rxa4 48. Rc8+ Kg7 49. Rc7+ Kg8 50. Rc8+ 1/2-1/2

[Event "Natal Potiguar op"]
[Site "Natal"]
[Date "2012.06.07"]
[Round "1"]
[White "De Macedo, Luiz Soares"]
[Black "Cardoso, Almir Correia"]
[Result "0-1"]
[WhiteElo "1734"]
[BlackElo "2108"]
[PlyCount "85"]
[EventDate "2012.06.07"]
[EventType "swiss"]
[EventRounds "7"]
[EventCountry "BRA"]
[SourceTitle "CBM 148 Extra"]
[Source "ChessBase"]
[SourceDate "2012.06.22"]
[SourceVersion "1"]
[SourceVersionDate "2012.06.22"]
[SourceQuality "1"]

1. d4 Nf6 2. Nf3 d5 3. c4 e6 4. e3 Bd6 5. Bd3 dxc4 6. Bxc4 0-0 7. Nc3 c6 8. 0-0 b5 9. Be2 Bb7 10. Qc2 Nbd7 11. a3 Rc8 12. b4 Bb8 13. h3 Qc7 14. e4 e5 15. Be3 a6 16. Rac1 Nxe4 17. Nxe4 f5 18. Neg5 e4 19. Qb3+ Kh8 20. Ne6 Qd6 21. Bf4 Qe7 22. Bxb8 Rf6 23. Nfg5 Rxb8 24. Qg3 Rc8 25. Nc5 Nxc5 26. dxc5 h6 27. h4 hxg5 28. hxg5 Rg6 29. f4 exf3 30. Qh3+ Kg8 31. Bxf3 Qe3+ 32. Kh1 Qxg5 33. Kg1 Qe3+ 34. Kh1 Rh6 35. Bh5 Qxh3+ 36. gxh3 Rxh5 37. Rf3 Rf8 38. Kh2 Bc8 39. Rf4 Be6 40. Re1 Bd5 41. Re7 g5 42. Rf2 g4 43. Kg3 0-1

[Event "Joao Pessoa op 3rd"]
[Site "Joao Pessoa"]
[Date "2012.03.10"]
[Round "3"]
[White "Cardoso, Almir Correia"]
[Black "Trigueiro, Hamilton Nobrega"]
[Result "1-0"]
[WhiteElo "2045"]
[BlackElo "1618"]
[PlyCount "51"]
[EventDate "2012.03.09"]
[EventType "swiss"]
[EventRounds "6"]
[EventCountry "BRA"]
[SourceTitle "CBM 147 Extra"]
[Source "ChessBase"]
[SourceDate "2012.04.24"]
[SourceVersion "1"]
[SourceVersionDate "2012.04.24"]
[SourceQuality "1"]

1. e4 e5 2. Nf3 Nc6 3. Bc4 Nf6 4. Ng5 d5 5. exd5 Nxd5 6. Nxf7 Kxf7 7. Qf3+ Qf6 8. Bxd5+ Be6 9. Bxc6 Qxf3 10. Bxf3 c6 11. Nc3 Be7 12. d3 Rhf8 13. Be3 a6 14. Ke2 Rad8 15. Rad1 Rd7 16. Rd2 c5 17. Ne4 c4 18. d4 exd4 19. Rxd4 Bf6 20. Nxf6 gxf6 21. Rxd7+ Bxd7 22. Bxb7 Rb8 23. Bd5+ Kg7 24. Bxc4 Rxb2 25. Bb3 a5 26. Bd4 1-0

[Event "Joao Pessoa op 3rd"]
[Site "Joao Pessoa"]
[Date "2012.03.10"]
[Round "4"]
[White "Silveira Filho, Neri da Silva"]
[Black "Cardoso, Almir Correia"]
[Result "1-0"]
[WhiteElo "2246"]
[BlackElo "2045"]
[PlyCount "43"]
[EventDate "2012.03.09"]
[EventType "swiss"]
[EventRounds "6"]
[EventCountry "BRA"]
[SourceTitle "CBM 147 Extra"]
[Source "ChessBase"]
[SourceDate "2012.04.24"]
[SourceVersion "1"]
[SourceVersionDate "2012.04.24"]
[SourceQuality "1"]

1. e4 c5 2. Nf3 d6 3. d4 cxd4 4. Nxd4 Nf6 5. Nc3 a6 6. h3 g6 7. g4 b5 8. Bg2 Bb7 9. 0-0 Bg7 10. e5 Bxg2 11. exf6 Bxf1 12. fxg7 Rg8 13. Qxf1 Rxg7 14. Qg2 Ra7 15. Bg5 h6 16. Bxh6 Rh7 17. Bg5 f6 18. Qd5 Rf7 19. Be3 Rd7 20. Ne6 Qc8 21. Qe4 Qc4 22. Qxg6 1-0

[Event "Natal op-A 9th"]
[Site "Natal"]
[Date "2012.02.21"]
[Round "7"]
[White "Cardoso, Almir Correia"]
[Black "Brito, Luismar Jorge"]
[Result "1/2-1/2"]
[WhiteElo "2045"]
[BlackElo "2270"]
[PlyCount "47"]
[EventDate "2012.02.17"]
[EventType "swiss"]
[EventRounds "7"]
[EventCountry "BRA"]
[SourceTitle "CBM 147 Extra"]
[Source "ChessBase"]
[SourceDate "2012.04.24"]
[SourceVersion "1"]
[SourceVersionDate "2012.04.24"]
[SourceQuality "1"]

1. e4 c5 2. Nf3 d6 3. d4 cxd4 4. Nxd4 Nf6 5. Nc3 a6 6. f3 e6 7. g4 Nc6 8. Be3 Qc7 9. Qd2 Rb8 10. 0-0-0 b5 11. Nxc6 Qxc6 12. e5 b4 13. Ne4 Nd5 14. exd6 Bxd6 15. Nxd6+ Qxd6 16. Bc4 0-0 17. Bxd5 Qxd5 18. Qxd5 exd5 19. Rxd5 Bb7 20. Rf5 Rfe8 21. Rd1 Bc8 22. Ra5 Bb7 23. Rf5 Bc8 24. Ra5 1/2-1/2

[Event "Natal op-A 9th"]
[Site "Natal"]
[Date "2012.02.20"]
[Round "5"]
[White "Soares, Alberto M Colares"]
[Black "Cardoso, Almir Correia"]
[Result "0-1"]
[WhiteElo "2209"]
[BlackElo "2045"]
[PlyCount "75"]
[EventDate "2012.02.17"]
[EventType "swiss"]
[EventRounds "7"]
[EventCountry "BRA"]
[SourceTitle "CBM 147 Extra"]
[Source "ChessBase"]
[SourceDate "2012.04.24"]
[SourceVersion "1"]
[SourceVersionDate "2012.04.24"]
[SourceQuality "1"]

1. c4 Nf6 2. g3 g6 3. Bg2 Bg7 4. Nc3 0-0 5. e4 d6 6. Nge2 c5 7. 0-0 Nc6 8. d3 Rb8 9. f4 a6 10. a4 Bd7 11. h3 Nb4 12. g4 Qc7 13. f5 gxf5 14. gxf5 Kh8 15. Rf4 Bh6 16. Rh4 Bxc1 17. Rxc1 Rg8 18. Nf4 Rg7 19. Ncd5 Nbxd5 20. cxd5 Rbg8 21. b3 b5 22. axb5 axb5 23. Kh1 Qa5 24. Ra1 Qc3 25. Ra7 Qb2 26. Qf1 Qxb3 27. Qa1 c4 28. Ra3 Qb4 29. dxc4 bxc4 30. Re3 Qc5 31. Qc3 Rb8 32. Qa3 Rb1+ 33. Kh2 Qd4 34. Bf3 Rb3 35. Ng6+ fxg6 36. Rxb3 cxb3 37. Qxb3 Qf2+ 38. Bg2 0-1

[Event "Natal op-A 9th"]
[Site "Natal"]
[Date "2012.02.18"]
[Round "3"]
[White "Silveira Filho, Neri da Silva"]
[Black "Cardoso, Almir Correia"]
[Result "1/2-1/2"]
[WhiteElo "2246"]
[BlackElo "2045"]
[PlyCount "100"]
[EventDate "2012.02.17"]
[EventType "swiss"]
[EventRounds "7"]
[EventCountry "BRA"]
[SourceTitle "CBM 147 Extra"]
[Source "ChessBase"]
[SourceDate "2012.04.24"]
[SourceVersion "1"]
[SourceVersionDate "2012.04.24"]
[SourceQuality "1"]

1. d4 Nf6 2. Nf3 g6 3. c4 Bg7 4. g3 0-0 5. Bg2 d6 6. 0-0 c6 7. b3 a6 8. Bb2 b5 9. Nbd2 Bb7 10. Qc2 Nbd7 11. a4 Rc8 12. axb5 axb5 13. Ne1 Qb6 14. Nd3 c5 15. d5 Ra8 16. Bh3 Rxa1 17. Rxa1 Ra8 18. Rxa8+ Bxa8 19. e4 Bb7 20. f4 Nf8 21. e5 Ne8 22. Ne4 e6 23. Nc3 bxc4 24. bxc4 exd5 25. Nxd5 Bxd5 26. cxd5 c4+ 27. Nf2 Qc5 28. Bf1 dxe5 29. Qxc4 Qxc4 30. Bxc4 exf4 31. Ba3 fxg3 32. hxg3 Be5 33. Ne4 Nd7 34. Kg2 Kg7 35. Bb5 Nc7 36. Bxd7 Nxd5 37. Bc6 Ne3+ 38. Kf3 Nc2 39. Bc5 Nd4+ 40. Bxd4 Bxd4 41. Bd5 f6 42. Nd6 Be5 43. Ne4 h6 44. Nc5 f5 45. Ne6+ Kf6 46. Nf8 Bd6 47. Nd7+ Kg5 48. Nb6 f4 49. Nc4 Bc7 50. g4 h5 1/2-1/2